[Event "GER OS-347 email"]
[Site "GER email"]
[Date "2018.05.24"]
[Round "?"]
[White "Moering Dammbach, Andreas"]
[Black "Niederdorf, Walter"]
[Result "0-1"]
[WhiteElo "1550"]
[BlackElo "1439"]
[PlyCount "40"]
[EventDate "2018.06.12"]
[EventType "tourn (corr)"]
[EventRounds "6"]
[EventCountry "GER"]
[SourceTitle "Corr 2022"]
[Source "ChessBase"]
[SourceDate "2021.10.24"]
[SourceVersion "1"]
[SourceVersionDate "2021.10.24"]
[SourceQuality "1"]

1. e4 e5 2. Nf3 Nc6 3. Bb5 Nf6 4. 0-0 Bc5 5. c3 0-0 6. d4 Bb6 7. Re1 d6 8. Bg5 h6 9. Bh4 g5 10. Bg3 g4 11. Bh4 gxf3 12. Qxf3 Kg7 13. Qg3+ Kh7 14. d5 Nh5 15. dxc6 Nxg3 16. cxb7 Qxh4 17. bxa8Q Qf4 18. hxg3 Qxf2+ 19. Kh2 Rg8 20. Bf1 Qg1# 0-1

[Event "GER OS-347 email"]
[Site "GER email"]
[Date "2018.05.24"]
[Round "?"]
[White "Niederdorf, Walter"]
[Black "Ruppelt, Karl Heinz"]
[Result "0-1"]
[WhiteElo "1439"]
[BlackElo "1874"]
[PlyCount "96"]
[EventDate "2018.06.12"]
[EventType "tourn (corr)"]
[EventRounds "6"]
[EventCountry "GER"]
[SourceTitle "Corr 2022"]
[Source "ChessBase"]
[SourceDate "2021.10.24"]
[SourceVersion "1"]
[SourceVersionDate "2021.10.24"]
[SourceQuality "1"]

1. e4 e6 2. d4 d5 3. Nc3 Nf6 4. e5 Nfd7 5. Nf3 c5 6. Bf4 Nc6 7. Bb5 a6 8. Bxc6 bxc6 9. 0-0 cxd4 10. Qxd4 c5 11. Qd2 Be7 12. Rfe1 h6 13. h3 Rb8 14. b3 Bb7 15. Qd3 Nf8 16. Na4 Ng6 17. Bg3 0-0 18. a3 Qc7 19. Qc3 Rfc8 20. Qd2 Bc6 21. Nc3 Qb7 22. Qd3 Bd8 23. Rab1 Ba5 24. Red1 d4 25. b4 cxb4 26. Nxd4 Bxg2 27. axb4 Bxh3 28. Ne4 Bc7 29. Kh2 Bg4 30. Nc5 Nxe5 31. Nxb7 Nxd3 32. Rxd3 Rxb7 33. Ra1 Rxb4 34. Bxc7 Rxc7 35. Rxa6 Bf5 36. Nxf5 exf5 37. Ra5 Rxc2 38. Rxf5 g6 39. Rff3 Rh4+ 40. Kg3 Rcc4 41. Kg2 g5 42. Rd8+ Kg7 43. Rd5 Rcg4+ 44. Rg3 f6 45. Rd7+ Kg6 46. Kf3 Rc4 47. Kg2 Rhd4 48. Rd3 Rxd7 0-1

[Event "GER OS-347 email"]
[Site "GER email"]
[Date "2018.05.24"]
[Round "?"]
[White "Ramus, Norbert"]
[Black "Niederdorf, Walter"]
[Result "0-1"]
[WhiteElo "1497"]
[BlackElo "1439"]
[PlyCount "29"]
[EventDate "2018.06.12"]
[EventType "tourn (corr)"]
[EventRounds "6"]
[EventCountry "GER"]
[SourceTitle "Corr 2022"]
[Source "ChessBase"]
[SourceDate "2021.10.24"]
[SourceVersion "1"]
[SourceVersionDate "2021.10.24"]
[SourceQuality "1"]

1. e4 e5 2. Nf3 Nc6 3. Bb5 a6 4. Bxc6 dxc6 5. 0-0 Bg4 6. h3 Bxf3 7. Qxf3 Qf6 8. Qxf6 Nxf6 9. d3 Bc5 10. Nd2 0-0-0 11. Nb3 Bb6 12. Bg5 Rd6 13. Nd2 h6 14. Bxf6 Rxf6 15. Nc4 0-1

[Event "GER OS-338 email"]
[Site "GER email"]
[Date "2018.02.10"]
[Round "?"]
[White "Drescher, Andreas"]
[Black "Niederdorf, Walter"]
[Result "1-0"]
[WhiteElo "1718"]
[BlackElo "1449"]
[PlyCount "79"]
[EventDate "2018.02.19"]
[EventType "tourn (corr)"]
[EventRounds "6"]
[EventCountry "GER"]
[SourceTitle "Corr 2020"]
[Source "ChessBase"]
[SourceDate "2019.09.30"]
[SourceVersion "1"]
[SourceVersionDate "2019.09.30"]
[SourceQuality "1"]

1. e4 e5 2. Nf3 Nc6 3. Bb5 a6 4. Ba4 b5 5. Bb3 Nf6 6. 0-0 Bd6 7. d4 Bb7 8. Re1 0-0 9. c3 h6 10. Nbd2 Re8 11. Bc2 Ng4 12. Nb3 exd4 13. cxd4 Nb4 14. Bb1 Nc6 15. h3 Nf6 16. e5 Bb4 17. exf6 Bxe1 18. fxg7 Bxf2+ 19. Kxf2 Qf6 20. Nc5 Bc8 21. Ne4 Qxg7 22. Ng3 d6 23. Nh5 Qh8 24. Qd2 f5 25. a4 Be6 26. Qxh6 Qxh6 27. Bxh6 Kf7 28. Nf4 Bb3 29. Ng5+ Kf6 30. Nh7+ Kf7 31. Bxf5 Rg8 32. Rc1 Bc4 33. Be4 d5 34. Rxc4 dxc4 35. Bxc6 bxa4 36. Bd5+ Ke7 37. Bxc4 Rgb8 38. Bg5+ Kd6 39. Nd3 Rxb2+ 40. Nxb2 1-0

[Event "GER OS-332 email"]
[Site "GER email"]
[Date "2017.11.14"]
[Round "?"]
[White "Niederdorf, Walter"]
[Black "Ruppelt, Karl Heinz"]
[Result "0-1"]
[WhiteElo "1451"]
[BlackElo "1820"]
[PlyCount "70"]
[EventDate "2017.11.21"]
[EventType "tourn (corr)"]
[EventRounds "6"]
[EventCountry "GER"]
[SourceTitle "Corr 2020"]
[Source "ChessBase"]
[SourceDate "2019.09.30"]
[SourceVersion "1"]
[SourceVersionDate "2019.09.30"]
[SourceQuality "1"]

1. e4 e6 2. Nf3 d5 3. exd5 exd5 4. Bb5+ c6 5. Bd3 Bd6 6. 0-0 Ne7 7. Nc3 Nd7 8. Re1 0-0 9. Bf1 Nf6 10. d4 Qc7 11. h3 Be6 12. Bg5 Ng6 13. Bxf6 gxf6 14. Nd2 Kh8 15. g3 f5 16. f4 Rg8 17. Kh1 Nf8 18. Re3 Rg7 19. Qe1 Nd7 20. Nb3 Rag8 21. Qf2 Nf6 22. Bd3 Rg6 23. Ne2 Rh6 24. Qg2 b6 25. a3 c5 26. Bb5 Bc8 27. Ba4 Ba6 28. Nbc1 Ne4 29. Rf3 Rhg6 30. dxc5 Bxf4 31. Nd3 Rxg3 32. Qf1 Be3 33. cxb6 axb6 34. Nxg3 Nxg3+ 35. Rxg3 Qxg3 0-1

[Event "GER OS-331 email"]
[Site "GER email"]
[Date "2017.10.22"]
[Round "?"]
[White "Niederdorf, Walter"]
[Black "Knauer, Hans Joachim"]
[Result "1-0"]
[WhiteElo "1464"]
[BlackElo "1296"]
[PlyCount "29"]
[EventDate "2017.11.05"]
[EventType "tourn (corr)"]
[EventRounds "6"]
[EventCountry "GER"]
[SourceTitle "Corr 2020"]
[Source "ChessBase"]
[SourceDate "2019.09.30"]
[SourceVersion "1"]
[SourceVersionDate "2019.09.30"]
[SourceQuality "1"]

1. e4 e5 2. Nf3 Nc6 3. Nc3 Nf6 4. Bc4 a6 5. Ng5 Bc5 6. Nxf7 Qe7 7. Nxh8 Qf8 8. Nd5 Qxh8 9. Nxc7+ Ke7 10. Nxa8 Na5 11. Bd5 h5 12. d3 Ng4 13. Bg5+ Kf8 14. Qf3+ Ke8 15. Nc7# 1-0

[Event "GER OS-325 email"]
[Site "GER email"]
[Date "2017.08.07"]
[Round "?"]
[White "Niederdorf, Walter"]
[Black "Wittlieb, Friedhelm"]
[Result "0-1"]
[WhiteElo "1451"]
[BlackElo "1651"]
[PlyCount "78"]
[EventDate "2017.08.12"]
[EventType "tourn (corr)"]
[EventRounds "6"]
[EventCountry "GER"]
[SourceTitle "Corr 2020"]
[Source "ChessBase"]
[SourceDate "2019.09.30"]
[SourceVersion "1"]
[SourceVersionDate "2019.09.30"]
[SourceQuality "1"]

1. Nf3 d5 2. c4 d4 3. e3 c5 4. d3 Nc6 5. exd4 cxd4 6. Bd2 e5 7. b4 Nxb4 8. Qa4+ Bd7 9. Qb3 Nc6 10. g3 Nf6 11. Bg2 Bc8 12. 0-0 Nd7 13. Re1 Be7 14. Qb2 f6 15. Na3 Nc5 16. Bf1 Bg4 17. Be2 Qd7 18. Qb1 0-0 19. Kg2 f5 20. h3 Bxf3+ 21. Bxf3 e4 22. Be2 Rad8 23. f4 e3 24. Bc1 Ne6 25. Rf1 g5 26. fxg5 f4 27. Bg4 fxg3 28. Qb5 Rxf1 29. Kxf1 Rf8+ 30. Kg1 Nf4 31. Bxe3 Nxh3+ 32. Bxh3 Qxh3 33. Qd5+ Kg7 34. Qh1 Qxh1+ 35. Kxh1 dxe3 36. Kg2 Bxa3 37. Rb1 Rf2+ 38. Kxg3 Kg6 39. Kg4 Ne5+ 0-1

[Event "GER OS-323 email"]
[Site "GER email"]
[Date "2017.07.03"]
[Round "?"]
[White "Schelberg, Martin"]
[Black "Niederdorf, Walter"]
[Result "1-0"]
[WhiteElo "1481"]
[BlackElo "1464"]
[PlyCount "59"]
[EventDate "2017.07.07"]
[EventType "tourn (corr)"]
[EventRounds "6"]
[EventCountry "GER"]
[SourceTitle "Corr 2022"]
[Source "ChessBase"]
[SourceDate "2021.10.24"]
[SourceVersion "1"]
[SourceVersionDate "2021.10.24"]
[SourceQuality "1"]

1. e4 e5 2. Nf3 Nc6 3. Bc4 Nf6 4. d3 Bc5 5. 0-0 0-0 6. c3 d5 7. exd5 Nxd5 8. Re1 Nf6 9. Bg5 e4 10. Bxf6 Qxf6 11. Rxe4 Bf5 12. Re2 Na5 13. Bd5 Rae8 14. d4 Bd6 15. Nbd2 Bg4 16. Rxe8 Rxe8 17. Ne4 Qe7 18. h3 Be6 19. Nxd6 Qxd6 20. Bxe6 Rxe6 21. Qa4 Qb6 22. d5 Re2 23. Rf1 h6 24. b3 a6 25. Qg4 f5 26. Qxf5 Rxa2 27. b4 Nc4 28. d6 Qxd6 29. Re1 Qf8 30. Qd5+ 1-0

[Event "GER OS-322 email"]
[Site "GER email"]
[Date "2017.05.31"]
[Round "?"]
[White "Kirchner, Heinz"]
[Black "Niederdorf, Walter"]
[Result "1-0"]
[WhiteElo "1800"]
[BlackElo "1493"]
[PlyCount "67"]
[EventDate "2017.06.06"]
[EventType "tourn (corr)"]
[EventRounds "6"]
[EventCountry "GER"]
[SourceTitle "Corr 2020"]
[Source "ChessBase"]
[SourceDate "2019.09.30"]
[SourceVersion "1"]
[SourceVersionDate "2019.09.30"]
[SourceQuality "1"]

1. d4 Nf6 2. Nf3 d5 3. c4 e6 4. g3 Nc6 5. Bg2 dxc4 6. Qa4 Bb4+ 7. Bd2 Nd5 8. Bxb4 Ndxb4 9. 0-0 0-0 10. a3 Nd5 11. Qxc4 Qd6 12. Nbd2 Rd8 13. Rfd1 Rb8 14. Qc2 h6 15. Nc4 Qe7 16. Rac1 Qe8 17. e4 Nf6 18. Ne3 Rd7 19. d5 exd5 20. exd5 Ne5 21. Nd4 c6 22. Re1 cxd5 23. Nef5 g6 24. Nxh6+ Kh7 25. f4 Kxh6 26. fxe5 Ng4 27. Qd2+ Kh7 28. e6 Re7 29. Bxd5 Bxe6 30. Bxe6 fxe6 31. Qg5 Nh6 32. Re4 Kg7 33. Rf1 Rd8 34. Rh4 1-0

[Event "GER OS-322 email"]
[Site "GER email"]
[Date "2017.05.31"]
[Round "?"]
[White "Schoenebeck, Edmund"]
[Black "Niederdorf, Walter"]
[Result "1/2-1/2"]
[WhiteElo "1641"]
[BlackElo "1493"]
[PlyCount "73"]
[EventDate "2017.06.06"]
[EventType "tourn (corr)"]
[EventRounds "6"]
[EventCountry "GER"]
[SourceTitle "Corr 2020"]
[Source "ChessBase"]
[SourceDate "2019.09.30"]
[SourceVersion "1"]
[SourceVersionDate "2019.09.30"]
[SourceQuality "1"]

1. Nf3 d5 2. d4 Nf6 3. Bf4 Nc6 4. Nc3 Bf5 5. e3 e6 6. Bd3 Bb4 7. 0-0 0-0 8. a3 Bxc3 9. bxc3 Ne4 10. c4 dxc4 11. Bxc4 g5 12. Bg3 Qe7 13. Bd3 f6 14. Bxe4 Bxe4 15. h4 h5 16. Nd2 Bg6 17. c4 b6 18. Qf3 Na5 19. e4 e5 20. d5 Nb7 21. Qc3 g4 22. Rae1 Nc5 23. Qc2 Rac8 24. Nb3 c6 25. Nxc5 Qxc5 26. Qd3 Rf7 27. Kh2 Qd4 28. Qxd4 exd4 29. Rd1 c5 30. Rfe1 Re8 31. f3 f5 32. exf5 Rxe1 33. Rxe1 Bxf5 34. Re8+ Rf8 35. Re7 gxf3 36. gxf3 Bd3 37. Be5 1/2-1/2

[Event "GER OS-313 email"]
[Site "GER email"]
[Date "2017.02.11"]
[Round "?"]
[White "Heyn, Wolfgang"]
[Black "Niederdorf, Walter"]
[Result "1-0"]
[WhiteElo "1915"]
[BlackElo "1493"]
[PlyCount "99"]
[EventDate "2017.02.17"]
[EventType "tourn (corr)"]
[EventRounds "6"]
[EventCountry "GER"]
[SourceTitle "Corr 2022"]
[Source "ChessBase"]
[SourceDate "2021.10.24"]
[SourceVersion "1"]
[SourceVersionDate "2021.10.24"]
[SourceQuality "1"]

1. e4 Nc6 2. Nf3 e5 3. Bb5 Bc5 4. c3 Nf6 5. d4 exd4 6. e5 Nd5 7. 0-0 Be7 8. cxd4 d6 9. Nc3 Nxc3 10. bxc3 0-0 11. Re1 Bg4 12. Qd3 Re8 13. Qe4 Bd7 14. Bd3 g6 15. Qf4 dxe5 16. dxe5 Qc8 17. Qg3 Bg4 18. Bf4 Rd8 19. Be4 Bxf3 20. Qxf3 Qe6 21. a4 a6 22. a5 Bc5 23. Bd3 Qb3 24. Bb1 Qd5 25. Qg3 Re8 26. Ba2 Qd7 27. Re2 Qf5 28. e6 fxe6 29. Rae1 Rad8 30. h3 Rd3 31. Qh4 Nd8 32. Bxc7 g5 33. Qh5 Qg6 34. Qg4 Qf6 35. Be5 Qh6 36. Qc4 Rd5 37. Bg3 Rf5 38. Bb1 Bxf2+ 39. Bxf2 Rf6 40. Bb6 Nc6 41. Ba2 Kf7 42. Bd4 Nxd4 43. Qxd4 Qf8 44. Rxe6 Rexe6 45. Bxe6+ Rxe6 46. Rf1+ Kg8 47. Rxf8+ Kxf8 48. Qh8+ Ke7 49. Qxh7+ Kf6 50. Qxb7 1-0

[Event "GER OS-313 email"]
[Site "GER email"]
[Date "2017.02.11"]
[Round "?"]
[White "Niederdorf, Walter"]
[Black "Kunze, Juergen"]
[Result "0-1"]
[WhiteElo "1493"]
[BlackElo "1953"]
[PlyCount "112"]
[EventDate "2017.02.17"]
[EventType "tourn (corr)"]
[EventRounds "6"]
[EventCountry "GER"]
[SourceTitle "Corr 2020"]
[Source "ChessBase"]
[SourceDate "2019.09.30"]
[SourceVersion "1"]
[SourceVersionDate "2019.09.30"]
[SourceQuality "1"]

1. e4 c5 2. Nc3 Nc6 3. Bb5 g6 4. Nf3 Bg7 5. 0-0 d6 6. d4 cxd4 7. Nxd4 Bd7 8. Nxc6 Bxc6 9. Bxc6+ bxc6 10. Bf4 Rb8 11. Rb1 Nf6 12. e5 Nh5 13. Be3 Bxe5 14. Bxa7 Ra8 15. Bd4 Bxd4 16. Qxd4 0-0 17. Rfd1 d5 18. b4 Qd6 19. a4 Nf4 20. a5 Rfb8 21. Re1 Ne6 22. Qe5 Qxe5 23. Rxe5 Kf8 24. Ree1 Nd4 25. Rb2 Rxa5 26. Rd1 Ne6 27. bxa5 Rxb2 28. Ra1 Rxc2 29. Nd1 Nc7 30. a6 Ke8 31. a7 Na8 32. h3 d4 33. Rb1 Kd7 34. Rb7+ Ke6 35. Nb2 Rc1+ 36. Kh2 Ra1 37. h4 c5 38. Kg3 Ra2 39. Kf4 Kd6 40. Nc4+ Kd5 41. Ne5 f6 42. Nd3 e5+ 43. Kg4 h5+ 44. Kh3 Ra3 45. g3 Rxd3 46. Rb8 Nb6 47. Rxb6 Ra3 48. Rxf6 Rxa7 49. Kg2 c4 50. Rf8 c3 51. Rc8 Ke4 52. Rc5 Ra2 53. g4 hxg4 54. Rc4 c2 55. h5 gxh5 56. Kf1 Ra1+ 0-1

[Event "GER OS-313 email"]
[Site "GER email"]
[Date "2017.02.11"]
[Round "?"]
[White "Niederdorf, Walter"]
[Black "Pelzer, Martin"]
[Result "0-1"]
[WhiteElo "1493"]
[BlackElo "1835"]
[PlyCount "68"]
[EventDate "2017.02.17"]
[EventType "tourn (corr)"]
[EventRounds "6"]
[EventCountry "GER"]
[SourceTitle "Corr 2020"]
[Source "ChessBase"]
[SourceDate "2019.09.30"]
[SourceVersion "1"]
[SourceVersionDate "2019.09.30"]
[SourceQuality "1"]

1. e4 c5 2. Nf3 d6 3. Nc3 Nf6 4. Bc4 e6 5. d4 cxd4 6. Nxd4 Nc6 7. Be3 Be7 8. 0-0 0-0 9. Nxc6 bxc6 10. Bb3 d5 11. exd5 cxd5 12. Re1 Bd6 13. Nb5 Bb8 14. Bc5 Re8 15. Be3 a6 16. Nc3 Bb7 17. Bg5 d4 18. Bxf6 Qxf6 19. Ne4 Qe5 20. Ng3 Qf4 21. Re4 Bxe4 22. Qxd4 Bg6 23. Qa4 Qxa4 24. Bxa4 Rc8 25. c3 Bxg3 26. hxg3 Rab8 27. Bd7 Rc7 28. Ba4 Rxb2 29. Rd1 Kf8 30. Rd8+ Ke7 31. Ra8 Rc5 32. Ra7+ Kf6 33. a3 Rb1+ 34. Kh2 Rh5# 0-1

[Event "GER OS-310 email"]
[Site "GER email"]
[Date "2017.01.09"]
[Round "?"]
[White "Niederdorf, Walter"]
[Black "Schulz, Peter"]
[Result "0-1"]
[WhiteElo "1493"]
[BlackElo "1237"]
[PlyCount "86"]
[EventDate "2017.01.13"]
[EventType "tourn (corr)"]
[EventRounds "6"]
[EventCountry "GER"]
[SourceTitle "Corr 2020"]
[Source "ChessBase"]
[SourceDate "2019.09.30"]
[SourceVersion "1"]
[SourceVersionDate "2019.09.30"]
[SourceQuality "1"]

1. g3 d5 2. e3 Nf6 3. Nf3 Bg4 4. h3 Bd7 5. d4 g6 6. Bd3 Bg7 7. Nc3 Nc6 8. 0-0 Bxh3 9. Re1 Bg4 10. e4 Nxd4 11. Be2 Nxe2+ 12. Qxe2 0-0 13. Kg2 Qd7 14. Qb5 Bxf3+ 15. Kxf3 c6 16. Qe2 Rfe8 17. e5 Qf5+ 18. Kg2 Ng4 19. f4 e6 20. Na4 Bf8 21. Bd2 b5 22. Nc3 Bc5 23. Rac1 Kg7 24. a4 b4 25. Na2 Qh5 26. Qd3 Qh2+ 27. Kf3 Qh5 28. Rh1 Nxe5+ 29. Kg2 Qxh1+ 30. Rxh1 Nxd3 31. cxd3 b3 32. Nb4 Rec8 33. Na6 Be7 34. d4 c5 35. Be3 Rc6 36. dxc5 Rxa6 37. Bd4+ f6 38. Re1 Rb8 39. Ra1 Rb4 40. Bc3 Rbxa4 41. c6 Rxa1 42. c7 Rc6 43. Ba5 Rxa5 0-1

[Event "GER OS-310 email"]
[Site "GER email"]
[Date "2017.01.09"]
[Round "?"]
[White "Thiel, Kay"]
[Black "Niederdorf, Walter"]
[Result "1-0"]
[WhiteElo "1890"]
[BlackElo "1493"]
[PlyCount "51"]
[EventDate "2017.01.13"]
[EventType "tourn (corr)"]
[EventRounds "6"]
[EventCountry "GER"]
[SourceTitle "Corr 2020"]
[Source "ChessBase"]
[SourceDate "2019.09.30"]
[SourceVersion "1"]
[SourceVersionDate "2019.09.30"]
[SourceQuality "1"]

1. c4 Nf6 2. g3 e5 3. Bg2 Nc6 4. Nc3 Bc5 5. e3 0-0 6. Nge2 d6 7. 0-0 a6 8. d4 Bb6 9. a3 Bg4 10. h3 Bd7 11. b4 Be6 12. d5 Bxd5 13. Nxd5 Nxd5 14. Qxd5 Nd4 15. exd4 c6 16. Qf3 exd4 17. Bb2 c5 18. Qxb7 Re8 19. Qxa8 Rxe2 20. Qxd8+ Bxd8 21. Rae1 Re7 22. Rxe7 Bxe7 23. Re1 Kf8 24. b5 axb5 25. cxb5 Bd8 26. Bc6 1-0

[Event "GER OS-305 email"]
[Site "GER email"]
[Date "2016.11.24"]
[Round "?"]
[White "Hueser, Udo"]
[Black "Niederdorf, Walter"]
[Result "1-0"]
[WhiteElo "1722"]
[BlackElo "1493"]
[PlyCount "117"]
[EventDate "2016.11.28"]
[EventType "tourn (corr)"]
[EventRounds "6"]
[EventCountry "GER"]
[SourceTitle "Corr 2020"]
[Source "ChessBase"]
[SourceDate "2019.09.30"]
[SourceVersion "1"]
[SourceVersionDate "2019.09.30"]
[SourceQuality "1"]

1. e4 e5 2. Nf3 Nc6 3. Bb5 a6 4. Ba4 Nf6 5. 0-0 b5 6. Bb3 Bd6 7. d4 Bb7 8. c3 0-0 9. Re1 h6 10. dxe5 Nxe5 11. Nxe5 Bxe5 12. f4 Bd6 13. e5 Bc5+ 14. Be3 Qe7 15. Bd4 Nd5 16. Qf3 c6 17. Nd2 Bxd4+ 18. cxd4 f5 19. Bxd5+ cxd5 20. Nb3 a5 21. Qg3 a4 22. Nc5 Bc6 23. Rac1 Rfe8 24. a3 Qf8 25. Qf3 Qf7 26. Nd3 Rac8 27. Nb4 Ba8 28. Rxc8 Rxc8 29. Qd3 Rc4 30. Nc2 g6 31. Ne3 Rc8 32. Qxb5 Bc6 33. Qb6 Qf8 34. b4 axb3 35. Qxb3 Rb8 36. Qc3 Ra8 37. Nc2 Rc8 38. Nb4 Bb7 39. Qb3 Rc4 40. Qe3 Qe8 41. Qf2 Qf8 42. Qe2 Qc8 43. e6 Rc1 44. exd7 Rxe1+ 45. Qxe1 Qxd7 46. Nd3 Qc6 47. Nc5 Kf7 48. a4 Ba6 49. Qa5 Bc8 50. Qa7+ Kg8 51. Qe7 Kh8 52. Qf8+ Kh7 53. Qf7+ Kh8 54. h4 h5 55. a5 Qb5 56. Qf8+ Kh7 57. Qe7+ Kg8 58. Qd8+ Kf7 59. Qc7+ 1-0

[Event "GER OS-305 email"]
[Site "GER email"]
[Date "2016.11.24"]
[Round "?"]
[White "Niederdorf, Walter"]
[Black "Drescher, Andreas"]
[Result "1-0"]
[WhiteElo "1493"]
[BlackElo "1532"]
[PlyCount "50"]
[EventDate "2016.11.28"]
[EventType "tourn (corr)"]
[EventRounds "6"]
[EventCountry "GER"]
[SourceTitle "Corr 2020"]
[Source "ChessBase"]
[SourceDate "2019.09.30"]
[SourceVersion "1"]
[SourceVersionDate "2019.09.30"]
[SourceQuality "1"]

1. e4 e5 2. Nf3 Nc6 3. Bc4 Nf6 4. Nc3 Nxe4 5. Nxe4 d5 6. Bd3 f5 7. Nc3 e4 8. Bb5 exf3 9. Qxf3 a6 10. Bxc6+ bxc6 11. 0-0 Rb8 12. d3 Bd6 13. Re1+ Be7 14. Bg5 0-0 15. Bxe7 Qe8 16. Bxf8 Qxf8 17. Re5 Bd7 18. Na4 Rb4 19. b3 Rb8 20. Rae1 Qb4 21. Re7 Qg4 22. Qxg4 fxg4 23. Rxd7 Rc8 24. Ree7 h6 25. Rxg7+ Kh8 1-0

[Event "GER OS-305 email"]
[Site "GER email"]
[Date "2016.11.24"]
[Round "?"]
[White "Niederdorf, Walter"]
[Black "Hofer, Siegfried"]
[Result "1-0"]
[WhiteElo "1493"]
[BlackElo "1402"]
[PlyCount "43"]
[EventDate "2016.11.28"]
[EventType "tourn (corr)"]
[EventRounds "6"]
[EventCountry "GER"]
[SourceTitle "Corr 2020"]
[Source "ChessBase"]
[SourceDate "2019.09.30"]
[SourceVersion "1"]
[SourceVersionDate "2019.09.30"]
[SourceQuality "1"]

1. e4 c6 2. Nf3 d5 3. Nc3 Nf6 4. d3 Bg4 5. Be2 e6 6. 0-0 Bd6 7. Bg5 Bxf3 8. Bxf3 Nbd7 9. exd5 cxd5 10. Nb5 Qb6 11. Nxd6+ Qxd6 12. Qd2 0-0 13. Rfe1 Rac8 14. c3 h6 15. Be3 Ne5 16. Bd1 b6 17. Bf4 Nfd7 18. Qe3 f6 19. d4 Nc4 20. Bxd6 Nxe3 21. Rxe3 Rfe8 22. Bh5 1-0

[Event "GER OS-302 email"]
[Site "GER email"]
[Date "2016.10.04"]
[Round "?"]
[White "Leidner, Matthias"]
[Black "Niederdorf, Walter"]
[Result "0-1"]
[WhiteElo "1516"]
[BlackElo "1464"]
[PlyCount "35"]
[EventDate "2016.10.10"]
[EventType "tourn (corr)"]
[EventRounds "6"]
[EventCountry "GER"]
[SourceTitle "Corr 2020"]
[Source "ChessBase"]
[SourceDate "2019.09.30"]
[SourceVersion "1"]
[SourceVersionDate "2019.09.30"]
[SourceQuality "1"]

1. e4 e5 2. Nf3 Nc6 3. d4 exd4 4. Nxd4 Bc5 5. c3 Nf6 6. Nxc6 bxc6 7. Bd3 0-0 8. Bg5 d5 9. 0-0 dxe4 10. Bxf6 Qxf6 11. Bxe4 Qh4 12. Qf3 Ba6 13. Rd1 Rae8 14. Nd2 Re6 15. g3 Qh6 16. c4 Rf6 17. Qg2 Rxf2 18. Qxf2 0-1

[Event "GER OS-302 email"]
[Site "GER email"]
[Date "2016.10.04"]
[Round "?"]
[White "Niederdorf, Walter"]
[Black "Jakobi, Wilfried"]
[Result "1/2-1/2"]
[WhiteElo "1464"]
[BlackElo "1515"]
[PlyCount "50"]
[EventDate "2016.10.10"]
[EventType "tourn (corr)"]
[EventRounds "6"]
[EventCountry "GER"]
[SourceTitle "Corr 2020"]
[Source "ChessBase"]
[SourceDate "2019.09.30"]
[SourceVersion "1"]
[SourceVersionDate "2019.09.30"]
[SourceQuality "1"]

1. d4 d5 2. Bf4 e6 3. Nc3 Bd6 4. e3 Nf6 5. Bd3 a6 6. Qd2 Nc6 7. Nf3 Qe7 8. 0-0 Bxf4 9. exf4 0-0 10. Rfe1 Qd6 11. Ne5 g6 12. b3 Nxd4 13. Bxg6 Nf3+ 14. Nxf3 hxg6 15. a4 c5 16. a5 Bd7 17. Ne5 Kg7 18. h3 Bc6 19. Na4 Bxa4 20. Rxa4 Rac8 21. c3 Qc7 22. f3 Rh8 23. Qf2 Nd7 24. Qe3 Nf6 25. Rd1 Nd7 1/2-1/2

[Event "GER OS-302 email"]
[Site "GER email"]
[Date "2016.10.04"]
[Round "?"]
[White "Peetoom, Frank"]
[Black "Niederdorf, Walter"]
[Result "1-0"]
[WhiteElo "1661"]
[BlackElo "1464"]
[PlyCount "45"]
[EventDate "2016.10.10"]
[EventType "tourn (corr)"]
[EventRounds "6"]
[EventCountry "GER"]
[SourceTitle "Corr 2020"]
[Source "ChessBase"]
[SourceDate "2019.09.30"]
[SourceVersion "1"]
[SourceVersionDate "2019.09.30"]
[SourceQuality "1"]

1. Nf3 Nf6 2. g3 Nc6 3. d4 d5 4. Bg2 e6 5. 0-0 a6 6. Nc3 Bb4 7. Ne5 Nxe5 8. dxe5 Nd7 9. e4 dxe4 10. Qg4 Nxe5 11. Qxg7 Ng6 12. Rd1 Bd7 13. Nxe4 Bf8 14. Qc3 Be7 15. Bh6 Rg8 16. Bg7 f5 17. Nf6+ Bxf6 18. Bxf6 Qc8 19. Rd2 Rf8 20. Rad1 Rf7 21. h4 Nf8 22. Bg5 h5 23. Qh8 1-0

[Event "GER OS-300 email"]
[Site "GER email"]
[Date "2016.08.12"]
[Round "?"]
[White "Hoge, Kai Uwe"]
[Black "Niederdorf, Walter"]
[Result "1-0"]
[WhiteElo "2053"]
[BlackElo "1493"]
[PlyCount "35"]
[EventDate "2016.08.17"]
[EventType "tourn (corr)"]
[EventRounds "6"]
[EventCountry "GER"]
[SourceTitle "Corr 2020"]
[Source "ChessBase"]
[SourceDate "2019.09.30"]
[SourceVersion "1"]
[SourceVersionDate "2019.09.30"]
[SourceQuality "1"]

1. e4 c5 2. Nf3 d6 3. d4 Nf6 4. Nc3 Nc6 5. d5 Ne5 6. Nxe5 dxe5 7. f4 Qa5 8. fxe5 Nxe4 9. Bb5+ Kd8 10. 0-0 Nxc3 11. bxc3 Qxb5 12. Rxf7 Qc4 13. Qf3 Ke8 14. Rf4 Qb5 15. e6 h6 16. Be3 g5 17. Rf7 c4 18. Rf1 1-0

[Event "GER OS-300 email"]
[Site "GER email"]
[Date "2016.08.12"]
[Round "?"]
[White "Niederdorf, Walter"]
[Black "Jakobi, Wilfried"]
[Result "1-0"]
[WhiteElo "1493"]
[BlackElo "1487"]
[PlyCount "35"]
[EventDate "2016.08.17"]
[EventType "tourn (corr)"]
[EventRounds "6"]
[EventCountry "GER"]
[SourceTitle "Corr 2020"]
[Source "ChessBase"]
[SourceDate "2019.09.30"]
[SourceVersion "1"]
[SourceVersionDate "2019.09.30"]
[SourceQuality "1"]

1. e4 e5 2. Nf3 d6 3. Nc3 Nf6 4. Bc4 h6 5. d4 exd4 6. Nxd4 Be7 7. 0-0 0-0 8. Bf4 a6 9. Qf3 c5 10. Nf5 Bxf5 11. exf5 Qc7 12. Nd5 Nxd5 13. Bxd5 Nc6 14. Rad1 Rad8 15. Bxh6 gxh6 16. f6 Ne5 17. Qg3+ Ng6 18. Qxg6+ 1-0